| 000 | 00655nam a22002177a 4500 | ||
|---|---|---|---|
| 005 | 20210416052441.0 | ||
| 008 | 201110s2014 ||||| |||| 00| 0 eng d | ||
| 020 | _a9781292021621 | ||
| 040 |
_aeng _cDLC |
||
| 041 | _aeng | ||
| 080 |
_a15 _bG-.39 |
||
| 245 |
_aPearson New International Edition _b: Psychology and Live _c/ by Pearson Education Limited: Author Richard J. Gerrig |
||
| 250 | _aTwentieth Edition | ||
| 260 |
_aHarlow _bPearson Education Limited _c2014 |
||
| 300 |
_a586 p. _bill |
||
| 365 | _b78.55 eur | ||
| 650 | 0 |
_9134 _aPsychology |
|
| 653 | _aფსიქოლოგია | ||
| 700 |
_937 _aGerrig, J. Richard |
||
| 942 |
_2udc _cBK _e20 |
||
| 999 |
_c106 _d106 |
||